School-Based Drug Prevention (Record no. 352515)
[ view plain ]
| 000 -LEADER | |
|---|---|
| fixed length control field | 00659nam a2200133Ia 4500 |
| 008 - FIXED-LENGTH DATA ELEMENTS--GENERAL INFORMATION | |
| fixed length control field | 171212s9999 xx 000 0 und d |
| 020 ## - INTERNATIONAL STANDARD BOOK NUMBER | |
| International Standard Book Number | 9780833030825 |
| 100 ## - MAIN ENTRY--PERSONAL NAME | |
| Personal name | Caulkins, Jonathan P.;Pacula, Rosalie Liccardo;Paddock, Susan M.;Chiesa, James |
| 245 ## - TITLE STATEMENT | |
| Statement of responsibility, etc | Caulkins, Jonathan P.;Pacula, Rosalie Liccardo;Paddock, Susan M.;Chiesa, James |
| Title | School-Based Drug Prevention |
| Remainder of title | What Kind of Drug Use Does It Prevent? |
| 260 ## - PUBLICATION, DISTRIBUTION, ETC. (IMPRINT) | |
| Name of publisher, distributor, etc | RAND Corporation |
| Date of publication, distribution, etc | 2002 |
| 650 ## - SUBJECT ADDED ENTRY--TOPICAL TERM | |
| Topical term or geographic name as entry element | Health Sciences |
| 650 ## - SUBJECT ADDED ENTRY--TOPICAL TERM | |
| Topical term or geographic name as entry element | Students -- Drug use -- United States; Youth -- Drug use -- United States; Drug abuse -- United States -- Prevention |
| 856 ## - ELECTRONIC LOCATION AND ACCESS | |
| Uniform Resource Identifier | <a href="www.jstor.org/stable/10.7249/mr1459rwj">www.jstor.org/stable/10.7249/mr1459rwj</a> |
| Withdrawn status | Lost status | Damaged status | Home library | Current library | Date acquired | Total Checkouts | Full call number | Date last seen | Price effective from | Koha item type |
|---|---|---|---|---|---|---|---|---|---|---|
| College Library | College Library | 12/12/2017 | HV5824.Y68 S337 2002 | 12/12/2017 | 12/12/2017 | Curriculum - Based eBooks |